|
|
|
|
| LEADER |
01287nam a2200313 a 4500 |
| 001 |
272 |
| 003 |
BD-DhAAL |
| 005 |
20150625111837.0 |
| 008 |
150625s1994 ilua 001 0 eng |
| 010 |
|
|
|a 93038640
|
| 020 |
|
|
|a 0256117977
|
| 020 |
|
|
|a 0256118124 (instructor's ed.)
|
| 040 |
|
|
|a DLC
|c DLC
|d DLC
|d BD-DhAAL
|
| 050 |
0 |
0 |
|a HB171.5
|b .H96 1994
|
| 082 |
0 |
0 |
|a 330
|2 20
|
| 100 |
1 |
|
|a Hyman, David N.
|9 7528
|
| 245 |
1 |
0 |
|a Economics /
|c David N. Hyman.
|
| 250 |
|
|
|a 3rd ed.
|
| 260 |
|
|
|a Burr Ridge, Ill. :
|b Irwin,
|c c1994.
|
| 300 |
|
|
|a xxxi, 899, [24] p. :
|b ill. ;
|c 27 cm.
|
| 490 |
|
|
|a The Irwin series in economics
|
| 504 |
|
|
|a Includes index.
|
| 541 |
|
|
|e The Irwin series in economics
|
| 650 |
|
0 |
|a Economics.
|9 12438
|
| 942 |
|
|
|2 ddc
|c BK
|
| 999 |
|
|
|c 34833
|d 34833
|
| 952 |
|
|
|0 0
|1 0
|2 ddc
|4 0
|6 330_000000000000000_HYM
|7 0
|9 54509
|a SCL
|b SCL
|c GEN
|d 2015-06-25
|e Gift: The Asia Foundation
|l 0
|o 330 HYM
|p 3020000272
|r 2015-06-25
|t 1
|w 2015-06-25
|y BK
|
| 952 |
|
|
|0 0
|1 0
|2 ddc
|4 0
|6 330_000000000000000_HYM
|7 0
|9 54539
|a SCL
|b SCL
|c GEN
|d 2015-06-27
|e Gift: The Asia Foundation
|l 0
|o 330 HYM
|p 3020000273
|r 2015-06-27
|t 2
|w 2015-06-27
|y BK
|
| 952 |
|
|
|0 0
|1 0
|2 ddc
|4 0
|6 330_000000000000000_HYM
|7 0
|9 54540
|a SCL
|b SCL
|c GEN
|d 2015-06-27
|e Gift: The Asia Foundation
|l 0
|o 330 HYM
|p 3020000274
|r 2015-06-27
|t 3
|w 2015-06-27
|y BK
|